Marketingový prieskum vo vybranej firme bakalárska práca

Guardado en:
Detalles Bibliográficos
Autor principal: Znášiková, Lucia
Autor Corporativo: Obchodná fakulta EU. Katedra marketingu
Otros Autores: Klepochová, Dagmar, 1968-
Formato: Libro
Lenguaje:eslovaco
Publicado: Bratislava 2014
Etiquetas: Agregar Etiqueta
Sin Etiquetas, Sea el primero en etiquetar este registro!

MARC

LEADER 00000nbm a2200000 4500
001 0208819
005 20170314111850.1
041 0 |a slo 
044 |a SK 
245 1 0 |a Marketingový prieskum vo vybranej firme  |b bakalárska práca  |c Lucia Znášiková ; školiteľ: Dagmar Klepochová 
264 1 |a Bratislava  |c 2014 
300 |a 53 s. 
100 1 |a Znášiková, Lucia 
700 1 |a Klepochová, Dagmar, 1968- 
710 2 |a Obchodná fakulta EU. Katedra marketingu